<?xml version="1.0" encoding="UTF-8"?>
<record
    xmlns:xsi="http://www.w3.org/2001/XMLSchema-instance"
    xsi:schemaLocation="http://www.loc.gov/MARC21/slim http://www.loc.gov/standards/marcxml/schema/MARC21slim.xsd"
    xmlns="http://www.loc.gov/MARC21/slim">

  <leader>01668    a2200205   4500</leader>
  <controlfield tag="001">27333</controlfield>
  <controlfield tag="005">20260407155549.0</controlfield>
  <controlfield tag="008">260407a2001    arg                 spa d</controlfield>
  <controlfield tag="003">AR-UNSa-BCEJYS</controlfield>
  <datafield tag="040" ind1=" " ind2=" ">
    <subfield code="a">AR-UNSa-BCEJYS</subfield>
    <subfield code="b">spa</subfield>
    <subfield code="c">AR-UNSa-BCEJYS</subfield>
  </datafield>
  <datafield tag="080" ind1=" " ind2=" ">
    <subfield code="a">330(825.1)</subfield>
    <subfield code="x">Econom&#xED;a de Mendoza</subfield>
  </datafield>
  <datafield tag="245" ind1="1" ind2="0">
    <subfield code="a">La econom&#xED;a de Mendoza</subfield>
    <subfield code="p">situaci&#xF3;n actual y perspectivas</subfield>
  </datafield>
  <datafield tag="264" ind1=" " ind2="1">
    <subfield code="a">Mendoza :</subfield>
    <subfield code="b">Universidad Nacional de Cuyo. Facultad de Ciencias Econ&#xF3;micas</subfield>
    <subfield code="c">2001</subfield>
  </datafield>
  <datafield tag="300" ind1=" " ind2=" ">
    <subfield code="a">713 p.</subfield>
    <subfield code="c">24 cm.</subfield>
  </datafield>
  <datafield tag="505" ind1=" " ind2=" ">
    <subfield code="a">1. Macroeconom&#xED;a provincial / Alejandro Trap&#xE9; - 2. Sector agropecuario / M&#xF3;nica Calder&#xF3;n, Iris Perlbach - 3. Extracci&#xF3;n de petr&#xF3;leo y otras actividades mineras / M&#xF3;nica Calder&#xF3;n, Iris Perlbach - 4. Sector industria manufactura / Iris Perlbach, M&#xF3;nica Calder&#xF3;n - 5. Electricidad, gas y agua / Iris Perlbach, M&#xF3;nica Calder&#xF3;n - 6. Sector construcciones / Aldo Mendawar, Mar&#xED;a E. Carretero de Gil - 7. Comercio, restaurantes y hoteles / Mabel Garc&#xED;a de Pi&#xF1;a, Elizabeth Pasteris de Solavallone - 8. Transporte, almacenamiento y comunicaciones / Mabel Garc&#xED;a de Pi&#xF1;a, Pedro A. Marsonet - 9. Sector establecimientos financieros, seguros, renta de la propiedad inmueble y servicios prestados a las empresas / Aldo Medawar, Mar&#xED;a E. Carretero de Gil - 10. Turismo / Zulema Tomassetti de Piacentini - 11. Recursos h&#xED;dricos / Jorge Day, Valeria Mendoza - 12. El sector educativo / Gustavo Maradona.</subfield>
  </datafield>
  <datafield tag="942" ind1=" " ind2=" ">
    <subfield code="c">BK</subfield>
  </datafield>
  <datafield tag="590" ind1=" " ind2=" ">
    <subfield code="a">niveau_biblio:m niveau_hierar:0</subfield>
  </datafield>
  <datafield tag="100" ind1="1" ind2=" ">
    <subfield code="a">Trap&#xE9;, Alejandro</subfield>
  </datafield>
  <datafield tag="856" ind1="4" ind2="1">
    <subfield code="u">https://biblioeco.unsa.edu.ar/pmb/images/libros/La Economia de Mendoza Situacion Actual y Perspectivas-l117921.jpg</subfield>
    <subfield code="y">Imagen de portada</subfield>
    <subfield code="q">image/jpeg</subfield>
  </datafield>
  <datafield tag="999" ind1=" " ind2=" ">
    <subfield code="c">1583</subfield>
    <subfield code="d">1583</subfield>
  </datafield>
  <datafield tag="952" ind1=" " ind2=" ">
    <subfield code="0">0</subfield>
    <subfield code="1">0</subfield>
    <subfield code="4">0</subfield>
    <subfield code="7">0</subfield>
    <subfield code="a">BCEJYS</subfield>
    <subfield code="b">BCEJYS</subfield>
    <subfield code="c">16</subfield>
    <subfield code="d">2026-04-07</subfield>
    <subfield code="l">0</subfield>
    <subfield code="o">330(825.1) T773</subfield>
    <subfield code="p">L117921</subfield>
    <subfield code="r">2026-04-07 15:55:49</subfield>
    <subfield code="w">2026-04-07</subfield>
    <subfield code="y">L</subfield>
  </datafield>
</record>
